Statistics for Florida Georgia Line Charting Songs (Billboard Hot 100)

Click here to take the quiz!

General Stats

  • This quiz has been taken 96 times
    (49 since last reset)
  • The average score is 9 of 24

Answer Stats

AlbumWeeks OnPeakArtist(s)Song% Correct
Here's To The Good Times54 Weeks#4Florida Georgia Line ft. NellyCruise
89%
Expectations52 Weeks#2Bebe Rexha & Florida Georgia LineMeant To Be
83%
Here's To The Good Times28 Weeks#15Florida Georgia Line ft. Luke BryanThis is How We Roll
71%
Anything Goes18 Weeks#55Florida Georgia LineAnything Goes
63%
Anything Goes20 Weeks#11Florida Georgia LineDirt
51%
Dig Your Roots20 Weeks#30Florida Georgia Line ft. Tim McGrawMay We All
51%
Dig Your Roots22 Weeks#14Florida Georgia LineH.O.L.Y.
49%
Here's To The Good Times20 Weeks#28Florida Georgia LineRound Here
43%
Anything Goes20 Weeks#44Florida Georgia LineSun Daze
37%
Here's To The Good Times20 Weeks#27Florida Georgia LineGet Your Shine On
34%
Dig Your Roots19 Weeks#46Florida Georgia Line ft. The Backstreet BoysGod, Your Mama, and Me
34%
Can't Say I Ain't Country20 Weeks#32Florida Georgia LineSimple
34%
Here's To The Good Times20 Weeks#28Florida Georgia LineStay
31%
If I Know Me20 Weeks#49Morgan Wallen ft. Florida Georgia LineUp Down
31%
Anything Goes20 Weeks#53Florida Georgia LineConfession
29%
Anything Goes20 Weeks#40Florida Georgia LineSippin on Fire
29%
Life Rolls On20 Weeks#40Florida Georgia LineI Love My Country
26%
The Heartland23 Weeks#23Nelly & Florida Georgia LineLil Bit
26%
Can't Say I Ain't Country26 Weeks#57Florida Georgia LineTalk You Out of It
23%
Life Rolls On17 Weeks#45Florida Georgia LineLong Live
20%
Dig Your Roots7 Weeks#89Florida Georgia LineSmooth
20%
Midnight Hour EP22 Weeks#40Hailee Steinfeld & Alesso ft. Florida Georgia Line & wattLet Me Go
17%
The Album20 Weeks#24Chase Rice ft. Florida Georgia LineDrinkin' Beer, Talkin' God, Amen
11%
Anything Goes1 Week#69Florida Georgia LineBumpin' The Night
3%

Score Distribution

Percentile by Number Answered

Percent of People with Each Score

Your Score History

You have not taken this quiz since the last reset